Cricketers with over 10000 test match runs - Statistics

General Stats
  • This quiz has been taken 214 times
  • The average score is 8 of 15
Answers on the Grid
Answers color-coded by a green-red scale on the quiz's grid according to % correct below.
Kane Williamson
Younis Khan
Sunil Gavaskar
Steve Smith
Steve Waugh
Allan Border
Mahela Jayawardene
Shivnarine Chanderpaul
Virat Kohli
Brian Lara
Kumar Sangakarra
Graham Gooch
AB de Villiers
Alistair Cook
Rahul Dravid
Colin Cowdrey
Ian Bell
Gary Kirsten
VVS Laxman
Jacques Kallis
Dinesh Chandimal
Ricky Ponting
Ian Botham
Jack Hobbs
Joe Root
Marcus Trescothick
Kraigg Brathwaite
Len Hutton
David Warner
Sachin Tendulkar
 
Answer Stats
Answer % Correct
Brian Lara
70%
Sachin Tendulkar
67%
Joe Root
65%
Rahul Dravid
65%
Sunil Gavaskar
62%
Ricky Ponting
60%
Steve Smith
60%
Kumar Sangakarra
59%
Jacques Kallis
57%
Alistair Cook
52%
Mahela Jayawardene
48%
Shivnarine Chanderpaul
45%
Steve Waugh
42%
Younis Khan
38%
Allan Border
33%
No matching quizzes found
Score Distribution
Percent of People with Each Score
Percentile by Number Answered
Your Score History
You have not taken this quiz